[Event "GER-chT Seniors 19th"]
[Site "Eckernfoerde"]
[Date "2010.09.13"]
[Round "1.2"]
[White "Heckert, Klaus Dieter"]
[Black "Franck, Rudolf"]
[Result "1/2-1/2"]
[WhiteElo "1993"]
[BlackElo "2069"]
[PlyCount "105"]
[EventDate "2010.09.13"]
[EventType "team-swiss"]
[EventRounds "7"]
[EventCountry "GER"]
[SourceTitle "EXT 2011"]
[Source "ChessBase"]
[SourceDate "2010.11.26"]
[SourceVersion "1"]
[SourceVersionDate "2010.11.26"]
[SourceQuality "1"]
[WhiteTeam "Brandenburg II"]
[BlackTeam "Wuerttemberg II"]
[WhiteTeamCountry "GER"]
[BlackTeamCountry "GER"]

1. f4 e5 2. fxe5 d6 3. Nf3 Bg4 4. e4 dxe5 5. Nc3 Nc6 6. Bb5 Nge7 7. d3 a6 8. Ba4 f6 9. h3 Bh5 10. g4 Bf7 11. Be3 h5 12. g5 Qd6 13. Qd2 0-0-0 14. Bb3 Be8 15. a3 Bd7 16. Qf2 Be6 17. gxf6 gxf6 18. Bxe6+ Qxe6 19. 0-0-0 b5 20. d4 exd4 21. Nxd4 Nxd4 22. Rxd4 Rxd4 23. Bxd4 Bh6+ 24. Kb1 Rf8 25. Qf3 Nc6 26. Bc5 Rf7 27. Rf1 Ne5 28. Qxh5 Qc4 29. Qf5+ Kb7 30. Bg1 Bd2 31. Qf2 Bxc3 32. Qa7+ Kc8 33. Qa8+ Kd7 34. Rd1+ Ke7 35. Qd8+ Ke6 36. bxc3 Qxe4 37. Qc8+ Rd7 38. Qxa6+ Kf7 39. Rxd7+ Nxd7 40. Bd4 c6 41. Kb2 f5 42. Qc8 Qd5 43. Qh8 c5 44. Qg7+ Ke8 45. Bf6 Qe6 46. Qg6+ Kf8 47. Bg7+ Ke7 48. Qg5+ Ke8 49. h4 Nb6 50. Qg3 Nc4+ 51. Ka1 Kf7 52. Bh8 Qh6 53. Qc7+ 1/2-1/2

[Event "Tierpark op 5th"]
[Site "Ueckermuende"]
[Date "2006.09.03"]
[Round "4"]
[White "Heckert, Klaus Dieter"]
[Black "Kilp, Andreas"]
[Result "1-0"]
[WhiteElo "1917"]
[BlackElo "1507"]
[PlyCount "55"]
[EventDate "2006.09.01"]
[EventType "swiss"]
[EventRounds "5"]
[EventCountry "GER"]
[SourceTitle "EXT 2023"]
[Source "ChessBase"]
[SourceDate "2022.10.05"]
[SourceVersion "1"]
[SourceVersionDate "2022.10.05"]
[SourceQuality "1"]

1. e4 e5 2. Nf3 Nc6 3. d4 exd4 4. Bc4 d6 5. c3 dxc3 6. Nxc3 Be7 7. Qb3 Na5 8. Bxf7+ Kf8 9. Qa4 c6 10. Bxg8 b5 11. Qd4 Rxg8 12. Bf4 c5 13. Qd5 Rb8 14. 0-0-0 b4 15. Na4 Qd7 16. Nxc5 Qc6 17. Qxc6 Nxc6 18. Bxd6 Rb5 19. Nb3 a5 20. Nbd4 Rb6 21. Bxe7+ Kxe7 22. Nxc6+ Rxc6+ 23. Kb1 a4 24. Rd4 Rb6 25. Rc1 a3 26. Rcc4 Rd8 27. Rc7+ Rd7 28. Rxc8 1-0